| 000 -CABECERA |
| fixed length control field |
01429nam a22002537a 4500 |
| 003 - IDENTIFICADOR DEL NÚMERO DE CONTROL |
| control field |
AR-CdUCM |
| 008 - DATOS DE LONGITUD FIJA--INFORMACIÓN GENERAL |
| fixed length control field |
190325b ||||| |||| 00| 0 spa d |
| 020 ## - NÚMERO INTERNACIONAL ESTÁNDAR DEL LIBRO |
| ISBN |
9786120023761 |
| 040 ## - FUENTE DE LA CATALOGACIÓN |
| Agencia/entidad que catalogó originalmente la obra |
MUNICIPALIDAD PROVINCIAL DEL CUSCO |
| Entidad que transcribió la catalogación |
BIBLIOTECA MUNICIPAL DEL CUSCO |
| 082 ## - NÚMERO DE LA CLASIFICACIÓN DECIMAL DEWEY |
| No. de Clasificación |
338.985142 / |
| Notacion interna |
EL95 |
| 100 ## - ENTRADA PRINCIPAL--NOMBRE DE PERSONA |
| Nombre Personal |
Elías Minaya, José Fernando |
| 245 ## - MENCIÓN DE TÍTULO |
| Título |
Estudios económicos y socioculturales de los valles de Coina y Chuquizongo |
| Mención de responsabilidad |
José F. Elías Minaya; Heider Escalante Gómez |
| 260 ## - PUBLICACIÓN, DISTRIBUCIÓN, ETC. |
| Lugar de publicación, distribución, etc. |
La Libertad : |
| Nombre de la editorial, distribuidor, etc. |
[Multigráfica Burgos], |
| Fecha de publicación, distribución, etc. |
2016. |
| 300 ## - DESCRIPCIÓN FÍSICA |
| Nº de Páginas Extensión |
XVI, 408 páginas; |
| Otros detalles físicos |
ilustración, fotografías, cuadros ; |
| Dimensiones |
21 cm. |
| 505 ## - NOTA DE CONTENIDO CON FORMATO |
| Nota de contenido formateada |
Contenido: Aproximación para construir una propuesta de un modelo de investigación y promoción del desarrollo interdisciplinario y transdisciplinario en ámbitos rurales -- Investigación científica y promoción del desarrollo en los valles de Coina y Chuquizongo en el marco del modelo de intervención interdisciplinaria e interinstitucional en ámbitos rurales ... |
| 650 ## - PUNTO DE ACCESO ADICIONAL DE MATERIA--TÉRMINO DE MATERIA |
| Descriptor |
Desarrollo económico - Perú - La Libertad. |
| 9 (RLIN) |
23788 |
| 650 ## - PUNTO DE ACCESO ADICIONAL DE MATERIA--TÉRMINO DE MATERIA |
| Descriptor |
Desarrollo agrícola - Perú - La Libertad. |
| 9 (RLIN) |
23789 |
| 650 ## - PUNTO DE ACCESO ADICIONAL DE MATERIA--TÉRMINO DE MATERIA |
| Descriptor |
Desarrollo rural - Perú - La Libertad. |
| 9 (RLIN) |
23790 |
| 650 ## - PUNTO DE ACCESO ADICIONAL DE MATERIA--TÉRMINO DE MATERIA |
| Descriptor |
Condiciones económicas - Coina - Chuquizongo |
| 9 (RLIN) |
23791 |
| 650 ## - PUNTO DE ACCESO ADICIONAL DE MATERIA--TÉRMINO DE MATERIA |
| Descriptor |
Condiciones sociales - Otuzco |
| 9 (RLIN) |
23792 |
| 700 ## - PUNTO DE ACCESO ADICIONAL--NOMBRE DE PERSONA |
| Nombre Personal |
Escalante Gómez, Heider |
| 9 (RLIN) |
23793 |
| 942 ## - ELEMENTOS DE PUNTO DE ACCESO ADICIONAL (KOHA) |
| Fuente de clasificación |
|
| Tipo de item |
Libros-BMC |
| 945 ## - PROCESAMIENTO DE INFORMACIÓN LOCAL (OCLC) |
| Catalogador |
lccs |